| 000 | 00694nam a22002177a 4500 | ||
|---|---|---|---|
| 005 | 20220308121250.0 | ||
| 008 | 220308s1990 ilua|||gr|||| 00| 0 eng d | ||
| 020 | _a0673383202 | ||
| 040 |
_aCO-BoUCM _bspa _cDeissy Garcia _dDeissy Garcia |
||
| 041 | 0 | _aeng | |
| 060 | _aQH 308 | ||
| 100 | 1 |
_9173844 _aWallace, Robert A. |
|
| 245 | 1 | 0 |
_aBiology _bthe world of life _cRobert A. Wallace |
| 250 | _a5a.Ed. | ||
| 260 |
_aIllinois _bScott, Foresman and Company _c1990 |
||
| 300 |
_a695 [41] páginas _bilustraciones |
||
| 504 | _aIncluye referencias bibliográficas | ||
| 650 | 7 |
_910116 _aBiología |
|
| 650 | 7 |
_910813 _aCiencias naturales |
|
| 942 |
_2NLM _a25 _cLIBRO _e5 _hQH 308 _mW187b _n0 |
||
| 999 |
_c320769 _d320769 |
||